<?xml version="1.0" encoding="UTF-8"?>
<record
    xmlns:xsi="http://www.w3.org/2001/XMLSchema-instance"
    xsi:schemaLocation="http://www.loc.gov/MARC21/slim http://www.loc.gov/standards/marcxml/schema/MARC21slim.xsd"
    xmlns="http://www.loc.gov/MARC21/slim">

  <leader>00819cam a2200241 a 4500</leader>
  <datafield tag="999" ind1=" " ind2=" ">
    <subfield code="c">6765</subfield>
    <subfield code="d">6765</subfield>
  </datafield>
  <controlfield tag="003">OSt</controlfield>
  <controlfield tag="005">20230404120841.0</controlfield>
  <controlfield tag="008">131202s2013    spcad||  |||| 000 0 spa|d</controlfield>
  <datafield tag="017" ind1=" " ind2=" ">
    <subfield code="a">DL B. 24134-2013</subfield>
    <subfield code="b">Biblioteca de Catalunya</subfield>
  </datafield>
  <datafield tag="020" ind1=" " ind2=" ">
    <subfield code="a">9788490297766</subfield>
  </datafield>
  <datafield tag="040" ind1=" " ind2=" ">
    <subfield code="b">cat</subfield>
    <subfield code="c">CDMR</subfield>
  </datafield>
  <datafield tag="100" ind1="1" ind2=" ">
    <subfield code="a">Dom&#xED;nguez Mart&#xED;n, Eva</subfield>
    <subfield code="9">3928</subfield>
  </datafield>
  <datafield tag="245" ind1="1" ind2="0">
    <subfield code="a">Periodismo inmersivo </subfield>
    <subfield code="b">: la influencia de la realidad virtual y del videojuego en los contenidos informativos </subfield>
    <subfield code="c">Eva Dom&#xED;nguez</subfield>
  </datafield>
  <datafield tag="250" ind1=" " ind2=" ">
    <subfield code="a">1a ed. en lengua castellana</subfield>
  </datafield>
  <datafield tag="260" ind1=" " ind2=" ">
    <subfield code="a">Barcelona </subfield>
    <subfield code="b">UOC</subfield>
    <subfield code="c">2013</subfield>
  </datafield>
  <datafield tag="300" ind1=" " ind2=" ">
    <subfield code="a">317 p. </subfield>
    <subfield code="b">il. </subfield>
    <subfield code="c">24 cm</subfield>
  </datafield>
  <datafield tag="490" ind1="0" ind2=" ">
    <subfield code="a">UOCpress. Comunicaci&#xF3;n </subfield>
    <subfield code="v">31</subfield>
  </datafield>
  <datafield tag="504" ind1=" " ind2=" ">
    <subfield code="a">Bibliografia p. 303-317</subfield>
  </datafield>
  <datafield tag="650" ind1=" " ind2="7">
    <subfield code="a">Realitat virtual</subfield>
    <subfield code="2">lemac</subfield>
  </datafield>
  <datafield tag="650" ind1=" " ind2="7">
    <subfield code="a">Multim&#xE8;dia interactius</subfield>
    <subfield code="2">lemac</subfield>
  </datafield>
  <datafield tag="650" ind1=" " ind2="0">
    <subfield code="a">Periodisme immersiu</subfield>
    <subfield code="2">lemac</subfield>
    <subfield code="9">4834</subfield>
  </datafield>
  <datafield tag="942" ind1=" " ind2=" ">
    <subfield code="c">MON</subfield>
    <subfield code="2">udc</subfield>
  </datafield>
  <datafield tag="952" ind1=" " ind2=" ">
    <subfield code="0">0</subfield>
    <subfield code="1">0</subfield>
    <subfield code="4">0</subfield>
    <subfield code="7">0</subfield>
    <subfield code="a">CDMR</subfield>
    <subfield code="b">CDMR</subfield>
    <subfield code="d">2014-11-18</subfield>
    <subfield code="e">Intercanvi</subfield>
    <subfield code="g">27.50</subfield>
    <subfield code="l">7</subfield>
    <subfield code="m">4</subfield>
    <subfield code="o">Fa 12/9</subfield>
    <subfield code="p">CDMR1411301375</subfield>
    <subfield code="r">2021-08-31</subfield>
    <subfield code="s">2021-07-13</subfield>
    <subfield code="v">27.50</subfield>
    <subfield code="w">2014-11-18</subfield>
    <subfield code="y">MON</subfield>
  </datafield>
</record>
